[Event "SWE-chT U16 final"]
[Site "Lund"]
[Date "2016.08.13"]
[Round "4.10"]
[White "Flykt, Gabriel"]
[Black "Torngren, Alexander"]
[Result "1-0"]
[WhiteElo "1536"]
[BlackElo "1275"]
[PlyCount "39"]
[EventDate "2016.08.12"]
[EventType "team-tourn"]
[EventRounds "5"]
[EventCountry "SWE"]
[SourceTitle "EXT 2019"]
[Source "ChessBase"]
[SourceDate "2018.10.10"]
[SourceVersion "1"]
[SourceVersionDate "2018.10.10"]
[SourceQuality "1"]
[WhiteTeam "Vasteras"]
[BlackTeam "Orgryte"]
[WhiteTeamCountry "SWE"]
[BlackTeamCountry "SWE"]

1. e4 e5 2. Nf3 Nc6 3. Bc4 Bc5 4. d3 h6 5. Nc3 Nf6 6. Be3 Bb6 7. Qd2 d6 8. 0-0-0 Bg4 9. h3 Be6 10. Nd5 Na5 11. Nxb6 axb6 12. Bxe6 fxe6 13. a3 0-0 14. g4 Qe8 15. g5 hxg5 16. Bxg5 Qc6 17. Kb1 Qb5 18. Rdg1 Nh5 19. Nh2 Qc5 20. Rg2 1-0